01211nam a22002297a 4500003000800000008004100008037002000049040002600069041000800095080001200103100002700115245019900142260010000341300002200441500017000463650008600633650009500719655002300814700003000837700002500867710008900892BI-BuBU190410b1999 bd fr|||| 000 0 fre d bDon de l'auteur aBI-BuBUbfrecBI-BuBU0 afre a336.12 1 4aut.aKahise, Honorine13aLa problématique du financement du déficit budgétaire et ses effets sur la croissance économique du Burundib1975-1995cpar Honorine Kahise, Josiane Muhorakeye ; Jean Ndenzako, directeur aBujumburabUniversité du Burundi, Faculté des Sciences Economiques et Administrativesc1999 aVII-90 f.c30 cm. aMémoire présenté et défendu publiquement en vue de l'obtention du grade de Licencié en Sciences Economiques et Administratives. Option : Economie Politique 7aDéficit budgétairexFinancement : croissance économiquey1975-1995zBurundi 72BI-BuBUaCroissance économique : déficit budgétairexFinancementy1975-1995zBurundi 72BI-BuBUaMémoire1 4aut.aMuhorakeye, Josiane1 4dir.aNdenzako, Jean1 4aut.aUniversité du BurundibFaculté des Sciences Economiques et Administratives